000
00264nam a22001217a 4500
008
170918b xxu||||| |||| 00| 0 eng d
041
_a
eng
080
_a
7
100
_a
44
101
_a
ART
245
_a
RUBAIYAT OF OMAR KHAYYAM
_c
FITZGERALD,E
942
_2
udc
_c
BK
999
_c
27893
_d
27893